Documents on Japan's economic structural adjustment

Spremljeno u:
Bibliografski detalji
Format: Knjiga
Jezik:Undetermined
Izdano: Japan Ministry of Foreign Affairs 1987
Teme:
Oznake: Dodaj oznaku
Bez oznaka, Budi prvi tko označuje ovaj zapis!
Thư viện lưu trữ: Trung tâm Học liệu Trường Đại học Cần Thơ
LEADER 00483nam a2200169Ia 4500
001 CTU_77741
008 210402s9999 xx 000 0 und d
082 |a 330.9 
082 |b E18 
245 0 |a Documents on Japan's economic structural adjustment 
245 0 |c Ministry of Foreign Affairs 
260 |a Japan 
260 |b Ministry of Foreign Affairs 
260 |c 1987 
650 |a Economic conditions 
650 |z Japan 
980 |a Trung tâm Học liệu Trường Đại học Cần Thơ